000 00694nam a2200265Ia 4500
005 20260121172113.0
008 008 260114s9999 xx 000 0 eng d
020 _a9783030593544
037 _aEBOOK
040 _aCRL
040 _beng
040 _cCRL
041 _2eng
041 _aeng
084 _qCRL
100 _aIslem Rekik, Ehsan Adeli, Sang Hyun Park, Maria del C. Valdés Hernández
_91084305
245 0 _aPredictive Intelligence in Medicine
260 _bSpringer
260 _bSpringer
260 _c2020
856 _uhttps://link.springer.com/openurl?genre=book&isbn=978-3-030-59354-4
942 _cEBOOK
999 _c1650039
_d1650039